| 000 | 01880nam a2200349 a 4500 | ||
|---|---|---|---|
| 001 | BRCA_5112 | ||
| 005 | 20190320204938.0 | ||
| 008 | 191110s1861----mx-######v---#000-0#spa-# | ||
| 041 | _aspa | ||
| 044 | _amx | ||
| 084 |
_aDOC111 _b.J83 _c1861 |
||
| 100 | 1 |
_aJuárez, Benito _d1806-1872 _94845 |
|
| 245 | 1 | 0 |
_aDocumento firmado por Don Benito Juárez y Don [Ignacio Manuel Altamirano] dirigido a Don Eduardo de Goroztiza _cBenito Juárez ; [Ignacio Manuel Altamirano] ; Eduardo de Goroztiza. |
| 260 |
_aMéxico _c1861 |
||
| 300 |
_a[3] fojas _c42 x 28 cm. |
||
| 500 | _aDocumento firmado en Palacio Nacional el 7 de abril de 1861. | ||
| 500 | _aDocumento firmado por [Manuel Altamirano] y Benito Juárez, Presidente Interino Constitucional de la República, confiriendo el empleo de Jefe de la Sección de América del Ministerio de Relaciones Exteriores y Gobernación al C. Eduardo de Goroztiza. | ||
| 500 | _aContiene escudo nacional mexicano y lema: ´Primera CLASE. Sello Tercero. 8 Pesos. AÑOS DE MIL OCHOCIENTOS SESENTA Y SESENTA Y UNO´. | ||
| 500 | _aContiene restos de sello de placa con el escudo nacional mexicano al margen inferior izquierdo. | ||
| 500 | _aDocumento firmado por [Ignacio Manuel Altamirano] bajo el seudonimo de ´Zarco´. | ||
| 500 | _aEl documento contiene la leyenda DOC. #275. | ||
| 500 | _aPapel con marca de agua. | ||
| 506 | 0 | _aFondo Reservado. Para su consulta es necesario credencial de usuario y carta de motivos. | |
| 546 | _aTexto en: español de mediados del siglo XIX. | ||
| 600 | 1 | 4 |
_aJuárez, Benito _d1806-1872 _xHistoria _913040 |
| 650 | 1 | 4 |
_aDocumentos legales _vImpresos _xHistoria _913041 |
| 651 | 4 |
_aMéxico _xHistoria _yConstitución y reforma, 1855-1863 _913042 |
|
| 700 | 1 |
_aAltamirano, Ignacio Manuel _cZarco _d1834-1839 _913043 |
|
| 700 | 1 |
_aGoroztiza Eduardo _d1815-? _913044 |
|
| 902 | _aFDH | ||
| 942 |
_2lcc _cD |
||
| 999 |
_c4806 _d4806 |
||